|
|
|
|
| LEADER |
00000ny a22000003n 4500 |
| 005 |
20110531140536.0 |
| 008 |
080626s1994 sp s 000 0 spa c |
| 020 |
|
|
|a 8476982712
|
| 035 |
|
|
|a 1189
|
| 040 |
|
|
|a UMA.RE
|d vLex
|
| 080 |
|
|
|a 343.615(460)(0.034)
|
| 090 |
|
|
|c 385
|d 385
|
| 100 |
1 |
|
|a Vicente Domingo, Elena
|
| 245 |
1 |
4 |
|a Los daǫs corporales
|h [Recurso electrn̤ico]
|b tipologa̕ y valoracin̤ /
|c Elena Vicente Domingo
|
| 256 |
|
|
|a Servicio en ln̕ea
|
| 260 |
|
|
|a [Barcelona] :
|b J.M. Bosch,
|c 1994
|
| 506 |
1 |
|
|a Contenido solo disponible en los productos indicados
|d vLex Global
|d vLex Global (Academic Edition, excluding Law Schools)
|d vLex Global (U.S. Academic Edition, Law Schools)
|d vLex Global (U.S. Academic Edition, excluding Law Schools)
|d vLex Global (Academic Edition, Law Schools)
|
| 650 |
0 |
7 |
|a Daǫs personales
|2 Tesauro vLex
|
| 650 |
0 |
7 |
|a Civil
|2 Tesauro vLex
|
| 650 |
0 |
7 |
|a Daǫs y perjuicios
|2 Tesauro vLex
|
| 650 |
0 |
7 |
|a Sistema de valoracin̤ de daǫs personales
|2 Tesauro vLex
|
| 740 |
0 |
|
|a vLex Libros (Servicios en ln̕ea)
|
| 856 |
4 |
0 |
|u http://vlex.com/source/1189
|z Acceso restringido
|
| 942 |
|
|
|c BOOK
|
| 999 |
0 |
|
|a Civil Law
|b Spain
|